000 01057nam a2200301Ia 4500
003 OSt
005 20221007125517.0
006 a|||||r|||| 00| 0
007 ta
008 221006b |||||||| |||| 00| 0 eng d
020 _a3527306560 (pbk)
_c4271.20
024 _a12791
037 _b012, 06/05/2004, Dhanraj Book House
_cTextual
040 _aCDL
_cCDL
_beng
041 _2eng
_aeng
082 _aE9G,5, P4 Carc
100 _aSchmuck Carsten Ed.
_9722044
245 0 _aHighlights in bioorganic chemistry: methods and applications
_b Wennemers Helma Ed.
260 _aWeinheim
_bWILEY-VCH verlag GmbH & Co.
_c2004
300 _axxvii,571p.
_ccm.
500 _aIncludes bibliographical references.; Index 561-571p.
650 _a Bioorganic chemistry
650 _a Inorganic chemistry
_9185095
650 _aChemistry
700 _a Wennemers Helma Ed.
_9722045
942 _hE9G,5, P4 Carc
_cTEXL
_2CC
999 _c1215415
_d1215415